माझी साहेब मंडळी. (Record no. 276265)

MARC details
000 -LEADER
fixed length control field 00667nam a2200181Ia 4500
008 - FIXED-LENGTH DATA ELEMENTS--GENERAL INFORMATION
fixed length control field 090630s9999 xx 000 0 und d
082 ## - DEWEY DECIMAL CLASSIFICATION NUMBER
Item number 24409
100 ## - MAIN ENTRY--PERSONAL NAME
Personal name जयपूरकर गंगाधर.
245 ## - TITLE STATEMENT
Title माझी साहेब मंडळी.
Statement of responsibility, etc जयपूरकर गंगाधर.
260 ## - PUBLICATION, DISTRIBUTION, ETC. (IMPRINT)
Name of publisher, distributor, etc निर्मल - नांदेड.
300 ## - PHYSICAL DESCRIPTION
Extent 0
600 ## - SUBJECT ADDED ENTRY--PERSONAL NAME
Personal name जयपूरकर गंगाधर.
630 ## - SUBJECT ADDED ENTRY--UNIFORM TITLE
Uniform title माझी साहेब मंडळी.
655 ## - INDEX TERM--GENRE/FORM
Genre/form data or focus term लघुकथा.
700 ## - ADDED ENTRY--PERSONAL NAME
Personal name जयपूरकर गंगाधर.
730 ## - ADDED ENTRY--UNIFORM TITLE
Uniform title माझी साहेब मंडळी.
942 ## - ADDED ENTRY ELEMENTS (KOHA)
Koha item type Book
Holdings
Withdrawn status Lost status Damaged status Not for loan Home library Current library Date acquired Cost, normal purchase price Total Checkouts Full call number Barcode Date last seen Cost, replacement price Price effective from Koha item type
        Sarvajanik Wachanalaya Shrivardhan Sarvajanik Wachanalaya Shrivardhan   120.00   24409 SAWASHRI-24409 06/30/2009 120.00 06/30/2009 Book